Sports Quiz

Random Sports or Football Quiz

Name the Football Players Quiz Stats

 Plays Quiz not verified by Sporcle

Score 0/25 Timer 05:00
0 Plays Today
Clue Player % Correct
Starting QB Indianapolis ColtsPeyton Manning
89%
Starting QB Miami DolphinsChad Henne
81%
Second String Running Back New York GiantsBrandon Jacobs
81%
Starting Running Back St. Louis RamsSteven Jackson
81%
Tight End Washington RedskinsChris Cooley
73%
Middle Linebacker San Francisco 49ersPatrick Willis
72%
Tight End New York JetsDustin Keller
69%
Defensive End Chicago BearsJulius Peppers
67%
Free Safety Denver BroncosBrian Dawkins
60%
Center Chicago BearsOlin Kreutz
51%
Kicker New England PatriotsStephen Gostkowski
49%
Backup QB Green Bay PackersMatt Flynn
49%
Strong Safety Arizona CardinalsAdrian Wilson
44%
Clue Player % Correct
Free Safety Green Bay PackersNick Collins
42%
Strong Safety Kansas City ChiefsEric Berry
40%
Middle Linebacker Oakland RaidersRolando McClain
37%
Kicker Kansas City ChiefsRyan Succop
35%
Kicker Seattle SeahawksOlindo Mare
33%
Third String Running Back Houston TexansDerrick Ward
33%
Fullback Washington RedskinsMike Sellers
31%
Strong Safety Tennessee TitansChris Hope
21%
Middle Linebacker Atlanta FalconsCurtis Lofton
21%
Backup QB New York GiantsSage Rosenfels
14%
Punter Atlanta FalconsMichael Koenen
12%
Right Tackle New Orleans SaintsJon Stinchcomb
10%

You're not logged in!

Compare scores with friends on all Sporcle quizzes.
OR
Log In

Show Comments

Extras

Top Quizzes Today


Score Distribution

Your Account Isn't Verified!

In order to create a playlist on Sporcle, you need to verify the email address you used during registration. Go to your Sporcle Settings to finish the process.

Report this User

Report this user for behavior that violates our Community Guidelines.

Details: